Statistics for Moscow City Trivia

Click here to take the quiz!

General Stats

  • This quiz has been taken 246 times
  • The average score is 14 of 22

Answer Stats

ClueAnswer% Correct
Most famous city square{Red} Square
95%
Official residence of the PresidentKremlin
95%
Capital of Russia prior to MoscowSt. Petersburg
92%
Country that almost invaded
Moscow in 1941
Nazi Germany
89%
Sports event hosted in 1980Summer Olympics
89%
Commander that conquered
Moscow in 1812
Napoleon
86%
Most famous ballet theaterBolshoi
83%
Most famous cathedralSt. Basil
77%
English term for someone
from Moscow
Muscovite
77%
Closest national capitalMinsk
73%
Author of "Crime & Punishment"Fyodor
Dostoyevsky
65%
Russian name for
Moscow's parliament
Duma
62%
Main riverMoskva
62%
Most elite universityMoscow {State}
University
60%
Subdivision that surrounds MoscowMoscow {Oblast}
54%
Most famous park{Gorky} Park
53%
Most famous type of cocktailMoscow {Mule}
41%
Co-founder of GoogleSergey Brin
39%
Moscow's status in terms
of subdivisions
{Federal} City
30%
Saint on the Moscow flagSt. George
28%
Main tower of the above{Spasskaya} Tower
21%
Moscow has 12 of these
subdivisions
Okrugs
15%

Score Distribution

Percentile by Number Answered

Percent of People with Each Score

Your Score History

You have not taken this quiz